Can you guess the top 30 of the ballon dor 24/25 - Statistics

General Stats
  • This quiz has been taken 20 times
  • The average score is 23 of 30
Answer Stats
Place Team Answer % Correct
2nd Barcelona Lamine Yamal
100%
Winner PSG Ousmane Dembele
100%
8th Chelsea Cole Palmer
93%
26th Manchester City Erling Haaland
93%
13th Bayern Munich Harry Kane
93%
7th Real Madrid Kylian Mbappe
93%
29th Leverkussen/Liverpool Florian Wirtz
87%
9th PSG/Man City Gianluigi Donnarumma
87%
30th Bayern Munich Michael Olise
87%
4th Liverpool Mohammed Salah
87%
10th PSG Nuno Mendes
87%
5th Barcelona Raphinha
87%
6th PSG Achraf Hakimi
80%
27th Arsenal Declan Rice
80%
14th PSG Desire Doue
80%
20th Inter Milan Lautaro Martinez
80%
11th Barcelona Pedri
80%
18th Napoli Scott Mctominay
80%
16th Real Madrid Vinicius Jr
80%
21th Dortmund Guirassy
73%
19th PSG Joao Neves
73%
28th Liverpool Virgil Van Dijk
73%
22nd Liverpool Alexis Mac Allister
67%
17th Barcelona Robert Lewandowski
67%
25th Inter Milan Denzel Dumfries
60%
15th Arsenal Victor Gyokeres
60%
24th PSG Fabian Ruiz
53%
23th Real Madrid Jude Bellingham
53%
12th PSG Khivicha Kvaratskhelia
53%
3rd PSG Vitnha
13%
No matching quizzes found
Score Distribution
Percent of People with Each Score
Percentile by Number Answered
Your Score History
You have not taken this quiz